|
|
|
|
| LEADER |
01118nab#a2200325#ar4500 |
| 001 |
000072268 |
| 003 |
SVKKK |
| 005 |
20020606xxxxxxx. |
| 008 |
06 c xo huno |
| FMT |
|
|
|
| 038 |
|
|
|a SVKKK
|
| 040 |
|
|
|a SVKKK
|b slo
|e AACR2
|
| 041 |
0 |
|
|a hun
|
| 044 |
|
|
|a xo
|c SK
|
| 080 |
|
|
|a 172.17(=945.11)
|
| 080 |
|
|
|a 323
|
| 242 |
1 |
0 |
|a Nový uhorský štátny občan
|
| 245 |
0 |
0 |
|a Uj magyar állampolgár
|
| 500 |
|
|
|a mikrofilm
|
| 520 |
2 |
|
|a Správa o tom, že maliar-natierač z Humenného Roman Golkovszky dostal uhorské štátne občianstvo a pri tejto príležitosti usporiadal domácu oslavu. Slávnostný príhovor predniesol rámskokatolícky farár Humenného Rudolf (Rezső) Kerekes.
|
| 650 |
0 |
4 |
|a vlastenectvo uhorské - občianstvo uhorské (získanie) - Golkovszky, Roman (maliar-natierač) - slávnosť domáca - Humenné - január 1914 - správy
|
| 773 |
0 |
|
|t Homonna és Vidéke : Hetilap
|g Roč. 14, č. 3 (18.01.1914) s. 2
|
| 957 |
|
|
|a Humenné
|
| 957 |
|
|
|a Uhorsko
|
| 958 |
|
|
|a DG
|
| 958 |
|
|
|a SK
|
| 974 |
|
|
|a Ba
|d 20020606
|
| 992 |
|
|
|a RBX
|
| BAS |
|
|
|
| 998 |
|
|
|a RETRO
|